10 Movies of 1950 - Statistics

General Stats
  • This quiz has been taken 13 times
  • The average score is 4 of 10
Answer Stats
Hint Answer % Correct
A mistreated servant girl transforms into a princess and finds love at a royal ball. Cinderella
91%
A hack screenwriter writes a screenplay for a former silent film star who has faded into Hollywood obscurity. Sunset Boulevard
91%
A man's imaginary, six-foot-tall invisible rabbit, friend, causes chaos in his life and forces him to confront his reality. Harvey
73%
A young, ambitious actress manipulates her way to the top of the theater world, leaving a trail of broken relationships in her wake. All About Eve
55%
The rape of a bride and the murder of her samurai husband are recalled from the perspectives of a bandit, the bride, the samurai's ghost and a woodcutter. Rashomon
36%
A poet in love with Death follows his unhappy wife into the underworld. Orpheus
27%
A group of criminals plan a daring heist in a bustling city, but their greed and betrayal threaten to unravel their plans. The Asphalt Jungle
27%
A young woman, forced into marriage by war, finds herself isolated on a desolate Italian island, where she must battle her loneliness and the brutal realities of her new life. Stromboli
18%
A screenwriter with a violent temper is a murder suspect until his lovely neighbor clears him. However, she soon starts to have her doubts. In a Lonely Place
9%
A down-on-his-luck con man in London schemes to make a big score, but his plans quickly spiral out of control. Night and the City
9%
No matching quizzes found
Score Distribution
Percent of People with Each Score
Percentile by Number Answered
Your Score History
You have not taken this quiz